000 00820nam a2200229 a 4500
001 24105
003 CO-ViMGA
008 141112s2004 ck r 000 u spa d
020 _a9788479789039
040 _aCO-ViMGA
_bspa
_cCO-ViMGA
082 0 4 _a628.32 O767t
100 1 _aOsorio Robles, Francisco
_935119
245 1 0 _aTratamiento de aguas para la eliminacion de microorganismos y agentes contaminantes /
_cFrancisco Osorio Robles, Juan Carlos Torres Rojo, Mercedes Sanchez Bas
260 _aEspaña :
_bDiaz De Santos
300 _a204p.
650 1 4 _a2 : PURIFICACIÓN DE AGUAS RESIDUALES
_935120
650 1 4 _a3 : REUTILIZACION DEL AGUA
_935121
650 1 4 _aTRATAMIENTO TERRETRE DE AGUAS RESIDUALES
_935122
700 1 _aTorres Rojo, Juan Carlos
_935123
700 1 _Sanchez Bas, Mercedes
942 _2ddc
_cBK
999 _c32158
_d32158